| 000 | 00730nam a2200229 u 4500 | ||
|---|---|---|---|
| 005 | 20250307063830.0 | ||
| 008 | 100601s2003 mx r 000 0 spa d | ||
| 020 | _a9702208793 | ||
| 035 | _aUPN01000176228 | ||
| 049 | _aCG | ||
| 050 | 4 |
_aJZ1318 _bG8.4 |
|
| 100 | 1 | _aGuillochon, Bernard | |
| 245 | 1 | 3 |
_aLa globalización : _b¿un futuro para todos? / _cBernard Guillochon. |
| 260 |
_aMéxico : _bLarousse, _c2003. |
||
| 300 |
_a126 p. : _bil. col. |
||
| 440 | 0 | _aLarousse. El mundo contemporáneo | |
| 650 | 4 |
_aGlobalización _95377 |
|
| 650 | 0 |
_aGlobalización _xAspectos económicos _94135 |
|
| 650 | 2 |
_aGlobalización _xAspectos sociales _912860 |
|
| 650 | 4 |
_aRelaciones económicas internacionales _98185 |
|
| 905 | _aLibro | ||
| 999 |
_c148331 _d148331 |
||